| 000 | 00559cas a2200169 a 4500 | ||
|---|---|---|---|
| 040 |
_dDLC _dDLC |
||
| 082 | 1 | 0 |
_a378.1662 _214 |
| 245 | 0 | 0 |
_aCracking the GRE, with DVD _cDouglas Pierce |
| 260 |
_aNew York : _bRandom House, Inc. _c2012 |
||
| 300 |
_av. : _bill. ; _c28 cm. + _eDVD-ROMs (4 3/4 in.) |
||
| 538 | _aSystem requirements: PC or Macintosh computer, DVD-ROM drive. | ||
| 580 | _aIssued also without accompanying DVD-ROM. | ||
| 650 | 0 |
_aGraduate Record Examination _vStudy guides |
|
| 710 | 2 | _aPrinceton Review (Firm) | |
| 942 |
_2ddc _cBK |
||
| 999 |
_c11389 _d11389 |
||